| 000 | 00931nam a22002417a 4500 | ||
|---|---|---|---|
| 999 |
_c22053 _d22053 |
||
| 003 | AR-CdUCM | ||
| 008 | 190515b ||||| |||| 00| 0 spa d | ||
| 040 |
_aMUNICIPALIDAD PROVINCIAL DEL CUSCO _cBIBLIOTECA MUNICIPAL DEL CUSCO |
||
| 082 | _aRevHistCul/N°2/1987 | ||
| 110 |
_aInstituto Nacional de Cultura Cusco _99277 |
||
| 245 |
_aRevista Histórico Cultural Andina / _cInstituto Nacional de Cultura Cusco |
||
| 260 |
_aCusco : _bInstituto Nacional de Cultura Cusco, _bOffeset Graphicolor, _c1987. |
||
| 300 |
_a32 páginas. : _bilustraciones ; _c24 cm. |
||
| 440 |
_aRevista Histórico Cultural Andina. _nN°2 _947298 |
||
| 505 | _aContenido: Drama Ollantay, en historietas. Segunda Parte. | ||
| 650 |
_aLiteratura quechua _97789 |
||
| 650 |
_aDrama Ollantay _930206 |
||
| 650 |
_aHistorietas _910786 |
||
| 650 |
_aLiteratura cusqueña _947296 |
||
| 700 |
_aNoguera, Julio _eDibujo _947297 |
||
| 942 |
_2ddc _cPP |
||
| 945 | _arac | ||